Mandamiento del Virrey Conde de Galve al Obispo de Puebla para que los eclesiásticos labradores hagan información de sus cosechas

Detalles Bibliográficos
Otros Autores: Pedro Velázquez de la Cadena
Formato: Libro
Publicado: México, 1694
Materias:
Colección:Banco de datos
Acervo:Biblioteca Palafoxiana. Colección de Manuscritos
Descripción Física:2 f. ; 20 x 31 cm.
Tema general:Eclesiástica
LEADER 00485nam a22001450004500
035 |a 2897 
245 1 0 |a Mandamiento del Virrey Conde de Galve al Obispo de Puebla para que los eclesiásticos labradores hagan información de sus cosechas 
260 |a México, 1694 
300 |a 2 f. ; 20 x 31 cm. 
650 1 0 |a Eclesiástica 
700 1 |a Pedro Velázquez de la Cadena 
949 |a R469/036 
942 |c PALAMANU 
943 |g Biblioteca Palafoxiana. Colección de Manuscritos 
999 |c 1070842  |d 1070842